Driest U.S. States - Statistics

General Stats
  • This quiz has been taken 35 times
  • The average score is 9 of 10
Answer Stats
Hint Answer % Correct
4 Arizona
100%
1 Nevada
100%
2 Utah
100%
7 Colorado
97%
5 New Mexico
94%
10 South Dakota
94%
9 Idaho
91%
8 North Dakota
91%
6 Montana
88%
3 Wyoming
88%
No matching quizzes found
Score Distribution
Percent of People with Each Score
Percentile by Number Answered
Your Score History
You have not taken this quiz